| 000 | 00396nam a2200157 i 4500 | ||
|---|---|---|---|
| 001 | bg | ||
| 100 | 1 | _aSTAROWICZ, Z. | |
| 245 | 0 |
_aDomowe i handlowe urządzenia chłodnicze / _cZ. Starowicz, Z. Zaborski. |
|
| 250 | _aWyd.4 popr. i uzup. | ||
| 260 |
_aWarszawa, _c1989. |
||
| 700 | 1 | _aZABORSKI, Z. | |
| 040 | _cBPK | ||
| 041 | _apol | ||
| 942 | _cKS | ||
| 008 | s pl f |000 0 pol | ||
| 999 |
_c3924 _d3924 |
||
| 856 |
_uhttp://koha.tu.koszalin.pl/cgi-bin/koha/opac-detail.pl?biblionumber=3924 _yKatalog online BPK |
||